The Naval Handbook for Survivors : 25-man inflatable liferaft (BR-1329) / (Record no. 20)

000 -LEADER
fixed length control field 00665nam a2200181Ia 4500
008 - FIXED-LENGTH DATA ELEMENTS--GENERAL INFORMATION
fixed length control field 190719s9999||||xx |||||||||||||| ||und||
020 ## - INTERNATIONAL STANDARD BOOK NUMBER
International Standard Book Number 1870077792
Terms of availability £ 35.00
040 ## - CATALOGING SOURCE
Original cataloging agency IMU Kochi
082 04 - DEWEY DECIMAL CLASSIFICATION NUMBER
Classification number 623.888
Item number R8124
110 ## - MAIN ENTRY--CORPORATE NAME
Corporate name or jurisdiction name as entry element Great Britain.
Subordinate unit Royal Navy
245 #4 - TITLE STATEMENT
Title The Naval Handbook for Survivors : 25-man inflatable liferaft (BR-1329) /
Statement of responsibility, etc. Royal Navy, Government of Great Britain
250 ## - EDITION STATEMENT
Edition statement 3rd ed.
260 ## - PUBLICATION, DISTRIBUTION, ETC.
Place of publication, distribution, etc. London :
Name of publisher, distributor, etc. The Nautical Institute ,
Date of publication, distribution, etc. 2007
300 ## - PHYSICAL DESCRIPTION
Extent vi, various paginations
Other physical details : ill.
Dimensions ; 21 cm.
500 ## - GENERAL NOTE
General note Previously published under the title: Handbook for survivors - BR 1329.
650 ## - SUBJECT ADDED ENTRY--TOPICAL TERM
Topical term or geographic name entry element Ships
General subdivision Safety measures
942 ## - ADDED ENTRY ELEMENTS (KOHA)
Source of classification or shelving scheme
Koha item type Books
Holdings
Withdrawn status Lost status Damaged status Not for loan Collection code Permanent Location Current Location Shelving location Date acquired Source of acquisition Cost, normal purchase price Full call number Barcode Date last seen Price effective from Koha item type Public note
        Nautical Science IMU Kochi Library IMU Kochi Library Reference 2017-04-29 Segment Book Distrubuters 3045.00 623.888 R8124 BK003092 2019-07-19 2019-07-19 Books Shelf-4, Row-3
        Nautical Science IMU Kochi Library IMU Kochi Library Reference 2017-04-29 Segment Book Distrubuters 3045.00 623.888 R8124 BK003093 2019-07-19 2019-07-19 Books Shelf-4, Row-3


Copyright © All Rights Reserved by Indian Maritime University, Kochi Campus.
For any Suggestions/Query Contact to library or Email: library.kochi@imu.ac.in Ph:(0484)-2989402
(Web OPAC Designed by Rudra Ranjan. Maintained by IMU Kochi Library)

Powered by Koha